Gaming Quiz

Random Gaming Quiz

Mw2 guns Quiz Stats

 Plays Quiz not verified by Sporcle

Challenge
Share
Tweet
Embed
Score 0/43 Timer 10:00
0 Plays Today
% Correct
ak-47
83.1%
m4a1
78%
scarh
76.3%
acr
76.3%
intervention
76.3%
ump45
74.6%
famas
71.2%
wa2000
66.1%
tar21
64.4%
fal
62.7%
m9
62.7%
vector
61%
barrett 50 .cal
61%
spas 12
61%
m16a4
57.6%
f2000
57.6%
m21 ebr
55.9%
desert eagle
55.9%
p90
54.2%
ranger
54.2%
mini uzi
52.5%
aa12
52.5%
% Correct
rpd
50.8%
model 1887
50.8%
aug
49.2%
usp. 45
49.2%
g18
47.5%
striker
45.8%
pp2000
44.1%
stinger
44.1%
tmp
39%
rpg-7
39%
m1014
35.6%
.44 magnum
32.2%
thumper
32.2%
L86
30.5%
mg4
30.5%
m93 raffica
28.8%
m240
27.1%
riot shield
27.1%
at4hs
22%
mps5k
6.8%
javeln
5.1%

You're not logged in!

Compare scores with friends on all Sporcle quizzes.
Join for Free
OR
Log In

You Might Also Like...

Show Comments

Extras

Created May 2, 2010ReportNominate
Tags:gun, mw2

Top Quizzes Today


Score Distribution

Your Account Isn't Verified!

In order to create a playlist on Sporcle, you need to verify the email address you used during registration. Go to your Sporcle Settings to finish the process.

Report this User

Report this user for behavior that violates our Community Guidelines.

Details: